Make words from "JetPunk" - Statistics

General Stats
  • This quiz has been taken 128 times
  • The average score is 17 of 42
Answer Stats
CLUE ANSWER % Correct
The humorous use of a word or phrase so as to emphasize or suggest its different meanings or applications pun
95%
An artificially produced flow of water jet
93%
Dry, decayed wood that can be used as tinder punk
90%
A coin of North Korea jun
85%
The 17th letter of the Hebrew alphabet pe
83%
The remains of something that has been destroyed or broken up junk
80%
A thing particularly cherished pet
71%
The 13th letter of the Greek alphabet nu
69%
A large cask for holding liquids, especially wine, ale, or beer tun
64%
The name you are born with ne
60%
Vomit puke
59%
A number ten
58%
A small enclosure for domestic animals pen
57%
One un
53%
A piece of meshed fabric designed to serve a specific purpose net
50%
To place (anything) so as to get it into a specific location put
48%
A dry fruit consisting of an edible kernel enclosed in a woody or leathery shell nut
47%
To attack with nuclear weapons nuke
41%
A small, shallow boat having a flat bottom and square ends, usually used for short outings on rivers or lakes and propelled by poling punt
40%
The act of projecting out of something jut
37%
The range of what one can know or understand ken
37%
A deceptive move made by a football player juke
33%
To catch/keep. Dialect (Scot) kep
31%
Confined pent
31%
To consume food et
30%
Agreement in pitch; unison; harmony tune
29%
Controlled, dominated, or determined by one whose money provides support: kept
25%
The spelling of a letter en
24%
(Variation of the above) kent
24%
A game (French) jeu
21%
A strong, coarse fiber jute
21%
The head of a falling hammerlike mechanism, as of a steam hammer or pile driver. tup
21%
To raise up
20%
A small, guitarlike musical instrument associated chiefly with Hawaiian music. uke
17%
The syllable once generally used for the first tone or keynote of a scale and sometimes for the tone C: now commonly superseded by do ut
17%
A trip taken by an official at public expense junket
16%
Not tidy unkept
13%
A utility vehicle (Informal) ute
13%
Indonesian bite-sized snack kue
11%
A loose-fitting wool jacket or tunic for men jupe
8%
The basic monetary unit of Croatia kune
7%
Nook (Scot) neuk
4%
No matching quizzes found
Score Distribution
Percent of People with Each Score
Percentile by Number Answered
Your Score History
You have not taken this quiz